000 00974aam a2200289 i 4500
001 768714001
003 CO-MdFUSB
005 20240503160648.0
007 ta
008 240222tck xxx |||| |||| 00| 0 spa d
040 _cCO-MdFUSB
041 0 _aspa
082 0 4 _a808.819382
_223
_bS1633m
100 1 _aSalem, Luis D.
_eautor
245 1 0 _aMiniaturas Bíblicas
_c/ Luis D. Salem
264 0 _b[Editorial no identificada],
_aMedellín, Colombia :
_c[Año de publicación no identificado]
300 _a30 páginas
_c; 18 cm
336 _atexto
_btxt
_2rdacontent
337 _2rdamedia
_asin mediación
_bn
338 _2rdacarrier
_avolumen
_bnc
505 _aEl Génesis. -- Libros de Samuel. -- La profecía de Ezequiel. -- El evangelio Según San Marcos. -- Carta de San Pablo a los Gálatas. -- Carta de San Pablo a los Tesalonicenses.
563 _aRústico
650 1 4 _aPOESIA RELIGIOSA
653 _aPoesía religiosa
942 _cBK
945 _aJTF-925
999 _c35550
_d35550